MARC

LEADER 00000nam0a2200000 4500
001 302036
005 20231102001448.0
035 |a (RuTPU)RU\TPU\book\327231 
090 |a 302036 
100 |a 20150818d1982 k y0rusy50 ca 
101 0 |a rus 
102 |a UA 
105 |a a z 001zy 
200 1 |a Контроль качества природных и сточных вод  |e сборник научных трудов  |f Всесоюзный научно-исследовательский институт по охране вод (ВНИИВО) ; под ред. В. Р. Лозанского 
210 |a Харьков  |c Изд-во ВНИИВО  |d 1982 
215 |a 149 с.  |c ил. 
320 |a Библиогр. в конце ст. 
606 1 |a Сточные воды промышленные  |x Обезвреживание  |2 stltpush  |3 (RuTPU)RU\TPU\subj\57158  |9 75022 
610 1 |a природные воды 
610 1 |a контроль качества 
610 1 |a способы 
610 1 |a методы 
610 1 |a поверхностные воды 
610 1 |a биотестирование 
610 1 |a тонкослойная хроматография 
610 1 |a полярография 
610 1 |a математическое моделирование 
610 1 |a электрохимические датчики 
610 1 |a применение 
610 1 |a водные объекты 
675 |a 628.39  |v 4 
702 1 |a Лозанский  |b В. Р.  |4 340 
712 0 2 |a Всесоюзный научно-исследовательский институт по охране вод (ВНИИВО)  |c (Харьков)  |c (1971-1991)  |2 stltpush  |3 (RuTPU)RU\TPU\col\19490 
801 1 |a RU  |b 63413507  |c 20150818 
801 2 |a RU  |b 63413507  |c 20190401  |g RCR 
942 |c BK